000 00760cam a22002771a 4500
001 76270
003 BD-RjUL
005 20211209082822.0
008 191116s1945 nyua 001 0 eng d
035 _a(BD-RjUL)76491
035 _a2015177
040 _aANL
_beng
_cANL
041 _aeng
082 _223
_a660.284235
_bMAA 1945
100 1 _aMantell, Charles Letnam.
_9235085
245 1 0 _aAdsorption /
_cC.L. Mantell
260 _aNew York :
_bMcGraw,
_c1945.
300 _billust., diagrs;
_aviii, 386 p. :
_c23
490 0 _aMcGraw-Hill chemical engineering series ;
500 _aIncludes Index
650 0 _aAdsorption.
_9235086
650 0 _aChemical engineering.
_9235087
942 _2ddc
_cBK
999 _c76270
_d76270